002850000a2200109000450000500170000010000170001724500380003426000460007230000090011804000060012765000420013320120302063008.0 a Singh Ganda a The Maratha -Sikh Treaty of 1785 aAmritsar :The "Darbar"Khalsa college,1940 a16p. aE aMaratha-sikh treaty,raja Ambaji INGLE